Hindī paryāyoṃ kā bhāshāgata adhyayanna. (Record no. 68829)

MARC details
000 -LEADER
fixed length control field 00619cam a22002291 4500
001 - CONTROL NUMBER
control field sa 66003348
003 - CONTROL NUMBER IDENTIFIER
control field DLC
005 - DATE AND TIME OF LATEST TRANSACTION
control field 20260227112235.0
008 - FIXED-LENGTH DATA ELEMENTS--GENERAL INFORMATION
fixed length control field 890425s1965 ii a b 000 0 hino
010 ## - LIBRARY OF CONGRESS CONTROL NUMBER
LC control number sa 66003348
035 ## - SYSTEM CONTROL NUMBER
System control number (OCoLC)19601950
040 ## - CATALOGING SOURCE
Original cataloging agency DLC
Transcribing agency WaU
Modifying agency DLC
042 ## - AUTHENTICATION CODE
Authentication code premarc
050 00 - LIBRARY OF CONGRESS CALL NUMBER
Classification number PK1939
Item number .K3
100 1# - MAIN ENTRY--PERSONAL NAME
Personal name Kapoor, Badri Nath,
Dates associated with a name 1932-
245 10 - TITLE STATEMENT
Title Hindī paryāyoṃ kā bhāshāgata adhyayanna.
260 ## - PUBLICATION, DISTRIBUTION, ETC.
Date of publication, distribution, etc. [1965]
300 ## - PHYSICAL DESCRIPTION
Extent 12, 159 p.
Other physical details illus.
Dimensions 23 cm.
500 ## - GENERAL NOTE
General note In Hindi.
504 ## - BIBLIOGRAPHY, ETC. NOTE
Bibliography, etc. note Bibliography: p. [156]-159.
650 #0 - SUBJECT ADDED ENTRY--TOPICAL TERM
Topical term or geographic name entry element Hindi language
General subdivision Synonyms and antonyms.

No items available.

Powered by Koha